India from primitive communism to slavery : (Record no. 25349)

MARC details
000 -LEADER
fixed length control field 00780cam a2200253u 4500
001 - CONTROL NUMBER
control field 7933137
003 - CONTROL NUMBER IDENTIFIER
control field BDDh-ASL
005 - DATE AND TIME OF LATEST TRANSACTION
control field 20231015030459.0
008 - FIXED-LENGTH DATA ELEMENTS--GENERAL INFORMATION
fixed length control field 821020s19791951ii 000 0 eng
010 ## - LIBRARY OF CONGRESS CONTROL NUMBER
LC control number 56030351
040 ## - CATALOGING SOURCE
Original cataloging agency DLC
Transcribing agency CarP
Modifying agency DLC
-- BDDh-ASL
043 ## - GEOGRAPHIC AREA CODE
Geographic area code a-ii---
050 00 - LIBRARY OF CONGRESS CALL NUMBER
Classification number DS425
Item number .D3 1951
082 ## - DEWEY DECIMAL CLASSIFICATION NUMBER
Classification number 954
Item number DAI
100 1# - MAIN ENTRY--PERSONAL NAME
Personal name Dange, Shripad Amrit,
Dates associated with a name 1899-1991.
245 10 - TITLE STATEMENT
Title India from primitive communism to slavery :
Remainder of title a Marxist study of ancient history in outline.
250 ## - EDITION STATEMENT
Edition statement [2d rev. ed.]
260 ## - PUBLICATION, DISTRIBUTION, ETC.
Place of publication, distribution, etc. Bombay :
Name of publisher, distributor, etc. People's Pub. House
Date of publication, distribution, etc. [1951]
-- 1979.
300 ## - PHYSICAL DESCRIPTION
Extent 188 p.
Dimensions 21 cm.
651 #0 - SUBJECT ADDED ENTRY--GEOGRAPHIC NAME
Geographic name India
General subdivision History
Chronological subdivision To 324 B.C.
651 #0 - SUBJECT ADDED ENTRY--GEOGRAPHIC NAME
Geographic name India
General subdivision Social conditions.
906 ## - LOCAL DATA ELEMENT F, LDF (RLIN)
a 0
b cbc
c premunv
d u
e ncip
f 19
g y-gencatlg
942 ## - ADDED ENTRY ELEMENTS (KOHA)
Source of classification or shelving scheme Dewey Decimal Classification
Koha item type Books
Holdings
Withdrawn status Lost status Source of classification or shelving scheme Damaged status Not for loan Collection code Home library Current library Shelving location Date acquired Source of acquisition Total Checkouts Full call number Barcode Date last seen Copy number Price effective from Koha item type
    Dewey Decimal Classification     Non-fiction Asiatic Society Library Asiatic Society Library Sirajul Islam Collection 07/13/2021 Donated by Professor Sirajul Islam, FRHS   954 DAI 110098 07/13/2021 C-1 07/13/2021 Books

Powered by Koha